| 000 | 02122caa a22003251ib4500 | ||
|---|---|---|---|
| 003 | SA-RiAUC | ||
| 005 | 20241106065436.0 | ||
| 008 | 241105s1991 ti g f000 0 ara c | ||
| 040 |
_aSA-JeALM _bara _cSA-RiAUC. _erda |
||
| 050 | 4 | _b. J36 1991 | |
| 082 | 0 | 4 |
_a235.2 _qSA-RiAUC |
| 090 |
_a235.2 _bم ا ز |
||
| 100 | 1 |
_aالمازري، محمد بن علي بن عمر، _d453-536 هجري _eمؤلف. |
|
| 245 | 1 | 2 |
_aالمعلم بفوائد مسلم / _cتأليف الإمام المازري ؛ تحقيق محمد الشاذلي النيفر. |
| 250 |
_aالطبعة الثانية. _bمزيدة ومنقحة. |
||
| 264 |
_aبيروت : _bدار الغرب الاسلامي، _c1992 |
||
| 300 |
_a3 اجزاء : _c24 سم |
||
| 336 |
_aنص _btxt _2rdacontent _3كتاب |
||
| 337 |
_aبدون وسيط _bn _2rdamedia |
||
| 338 |
_aمجلد _bnc _2rdacarrier |
||
| 650 | 7 |
_aصحيح مسلم _2aucsh |
|
| 650 | 7 |
_aالحديث _xشرح _2aucsh |
|
| 700 | 1 |
_aالنيفر، محمد الشاذلي، _d1911-1998 _eمحقق. |
|
| 700 | 1 | 2 |
_aالإمام مسلم، مسلم بن الحجاج بن مسلم، _d204-261 هجري. _tالمسند الصحيح المختصر من السنن بنقل العدل عن العدل عن رسول الله صلى الله عليه وسلم |
| 740 | 0 | 2 | _aصحيح مسلم، المسمى، المسند الصحيح المختصر من السنن بنقل العدل عن العدل عن رسول الله صلى الله عليه وسلم. |
| 740 | 2 | 2 | _aالمسند الصحيح المختصر من السنن بنقل العدل عن العدل عن رسول الله صلى الله عليه وسلم. |
| 773 | 0 |
_aالمازري، محمد بن علي بن عمر، 453-536 هجري مؤلف. _bالطبعة الأولى. _hمج. 3 _k(تحقيق النصوص. علوم إسلامية) _tالمعلم بفوائد مسلم / أبو عبد الله محمد بن علي بن عمر المازري ؛ تحقيق وتقديم محمد الشاذلي النيفر. _wAUC_OC_1067987 _z997391158X |
|
| 942 |
_2ddc _cBOOK _n0 |
||
| 949 |
_aSA-JeALM _d241105 _umohamedma123 _n1 |
||
| 999 |
_c2077 _d2077 |
||